Actos de homenaje a Adriano Irala Burgos /

Guardat en:
Dades bibliogràfiques
Autor principal: Martini, Carlos
Format: Text
Etiquetes: Afegir etiqueta
Sense etiquetes, Sigues el primer a etiquetar aquest registre!

MARC

LEADER 00000 a a2200000 04500
001 41871
003
040
100 |a Martini, Carlos  
245 |a Actos de homenaje a Adriano Irala Burgos /  |c Carlos Martini  
773 |g volumen40, número116 (Enero-Abril, 2003), páginas 115-116  
999 |c 23941  |d 23941